| 000 | 02243nam a2200445 a 4500 | ||
|---|---|---|---|
| 999 |
_c454040 _d454040 |
||
| 003 | BLK | ||
| 005 | 20240228102221.0 | ||
| 008 | 181205b bu c|||er|||| 00| 0 bu d | ||
| 020 | _a9786190110101 | ||
| 020 | _aмека подв. | ||
| 020 |
_a978-619-01-1011-8 _qтвърда подв. |
||
| 040 | _aBLK | ||
| 041 |
_aBUL _cBUL |
||
| 080 |
_aИстория на Втората световна война (1939-1945) _b94(100)"1939/1945" _z94(100)"1939/1945" |
||
| 080 |
_aВоенно изкуство. Общо върху военните операции. Тактика. Стратегия. Бойно поле _b355.4 _z355.4(470) |
||
| 100 |
_9302375 _aГросман, Василий Семьонович _eпърви автор _gГросман, Йосиф Соломонович |
||
| 139 |
_aГросман, Василий Семьонович _bГ 87 |
||
| 245 |
_aПисател на война _cВасилий Гросман, под ред. на Антъни Бийвър, Люба Виноградова, прев. от рус. Мария Кондакова |
||
| 260 |
_9210881 _aСофия _bИзток-Запад _c2022 _n978-619-01- ; 978-619-152- ; 978-954-321- ; 954-8945- |
||
| 300 |
_a367 с. _bс портр. _c21 см |
||
| 380 | _aX | ||
| 500 | _aОриг. загл.: A Writer at War : A Soviet Journalist with the Red Army, 1941 - 1945/The Estate of Vasily Grossman. - Бел. на ред. и показалец. | ||
| 504 | _aБиблиогр. с. 352-353 | ||
| 650 | 0 |
_9243237 _aВтора световна война - спомени |
|
| 651 | 7 |
_9179243 _aМосква |
|
| 651 | 7 |
_9179131 _aЛенинград |
|
| 653 | 7 |
_9182078 _aбитки |
|
| 700 |
_9514 _aБийвър, Антъни _eвъвед. и ред. |
||
| 700 |
_9510 _aВиноградова, Люба _eвъвед. |
||
| 700 |
_aКондакова, Мария Атанасова _d1969 - _gПреводач от английски език _9286302 |
||
| 852 | _bП | ||
| 852 |
_bЦб _aЦб 315568 |
||
| 856 |
_i0.00 _ldisable |
||
| 942 |
_cKNG _n0 _019 _s1 |
||
| 944 |
_aCR _c2022-04-26 _k30531 _lЦветелина Шанова |
||
| 944 |
_c2022-12-15 _kир |
||
| 999 | _d454040 | ||
| 999 | _d454040 | ||
| 999 | _d454040 | ||